| 000 | 00795aam a2200301 4500 | ||
|---|---|---|---|
| 005 | 20250819110135.0 | ||
| 008 | 150414b2009 xxu||||| |||| 00| 0 spa d | ||
| 020 | _a9789701070253 | ||
| 041 | _aESP | ||
| 082 | _a338.927 D542d | ||
| 100 | _aDíaz Coutiño, Reynol | ||
| 100 |
_aEscárcega Castellanos, Susana _933655 |
||
| 245 | _aDesarrollo sustentable: una oportunidad para la vida | ||
| 260 | _aMéxico | ||
| 260 | _bMcGraw Hill | ||
| 260 | _c2009 | ||
| 300 | _a276 páginas | ||
| 490 | _aTurismo | ||
| 650 | _aDESARROLLO SOSTENIBLE | ||
| 650 | _aECOLOGÍA | ||
| 650 | _aIMPACTO AMBIENTAL | ||
| 650 | _aMEDIO AMBIENTE | ||
| 650 | _aÉTICA AMBIENTAL | ||
| 650 | _aLEGISLACIÓN AMBIENTAL | ||
| 650 | _aCALIDAD AMBIENTAL | ||
| 650 | _aCALIDAD DE VIDA | ||
| 942 |
_cBK _2ddc |
||
| 999 |
_c4609 _d4609 |
||